000 00736 a2200217 4500
001 TB12283
003 IN-BhIIT
005 20250718171334.0
008 250328b |||||||| |||| 00| 0 eng d
020 _a9789355516626 (pbk.)
040 _aIN-BhIIT
041 _aeng
082 _a005.43
_bKUM/R
100 _aKumar, Vishesh
_eAuthor
_925901
245 _aRedhat enterprise Linux 9 for beginners :
_ba comprehensive guide for learning, administration, and deployement /
_cby Vishesh Kumar and Geetanjali Mehra
260 _aNew Delhi :
_bBPB Publications,
_c2024.
300 _axxx, 526 p. :
_bill. ;
_c24 cm
504 _aIncludes bibliographical references and index.
650 _aSystems programs (Linux)
_925902
942 _cTB
_01
999 _c14780
_d14780